Statistics for Hearthstone- 0 Attack Minions

Click here to take the quiz!

General Stats

  • This quiz has been taken 3 times
  • The average score is 12 of 49

Answer Stats

ManaSetClassAnswer% Correct
3ClassicShamanMana Tide Totem
67%
2TCoNNeutralNerubian Egg
67%
1ONiKNeutralRunic Egg
67%
2RRWarlockSpirit of the Bat
67%
1RRPriestSpirit of the Dead
67%
3RRShamanSpirit of the Frog
67%
3RRHunterSpirit of the Lynx
67%
1RRWarriorSpirit of the Rhino
67%
4RRRogueSpirit of the Shark
67%
4RRPaladinSpirit of the Tiger
67%
0GvGNeutralTarget Dummy
67%
3ClassicNeutralAlarm-o-Bot
33%
2ClassicNeutralDoomsayer
33%
1BMNeutralDragon Egg
33%
3ClassicShamanFlametongue Totem
33%
1BPNeutralGoblin Bomb
33%
1RRNeutralGurubashi Offering
33%
2ClassicPriestLightwell
33%
2ClassicNeutralLorewalker Cho
33%
2ClassicNeutralNat Pagle
33%
1ClassicNeutralShieldbearer
33%
2RRMageSpirit of the Dragonhawk
33%
1RRDruidSpirit of the Raptor
33%
4ClassicWarlockSummoning Portal
33%
4RRNeutralArena Treasure Chest
0%
1ClassicWarlockBlood Imp
0%
5DoDNeutralChromatic Egg
0%
1DoDNeutralDepth Charge
0%
5SoUNeutralDesert Obelisk
0%
3JtUGNeutralDevilsaur Egg
0%
2RRNeutralDozing Marksman
0%
2RoSShamanEVIL Totem
0%
4ClassicPriestLightspawn
0%
2RoSNeutralMana Reservoir
0%
5BPPaladinMechano-Egg
0%
2MSoGWarriorPublic Defender
0%
2RRNeutralScarab Egg
0%
2RRNeutralSerpent Wand
0%
3MSoGNeutralStreet Trickster
0%
5LoENeutralSummoning Stone
0%
1WWNeutralSwamp Dragon Egg
0%
1BPPriestTest Suject
0%
3KaCNeutralToothy Chest
0%
4BPNeutralUnpowered Steambot
0%
5WotOGNeutralValidated Doomsayer
0%
2GvGShamanVitality Totem
0%
1KaCNeutralWax Elemental
0%
1WWShamanWitch's Apprentice
0%
3WWNeutralWitch's Cauldron
0%

Score Distribution

Percentile by Number Answered

Percent of People with Each Score

Your Score History

You have not taken this quiz